Detalles MARC
| 000 -LEADER |
| fixed length control field |
01174nam a2200265 a 4500 |
| 001 - CONTROL NUMBER |
| control field |
000020793 |
| 003 - CONTROL NUMBER IDENTIFIER |
| control field |
DO-SdBNP |
| 005 - DATE AND TIME OF LATEST TRANSACTION |
| control field |
20160920141342.0 |
| 007 - PHYSICAL DESCRIPTION FIXED FIELD--GENERAL INFORMATION |
| fixed length control field |
000020793 |
| 008 - FIXED-LENGTH DATA ELEMENTS--GENERAL INFORMATION |
| fixed length control field |
100817nuuuuuuuudr a 000 0 spa d |
| 040 ## - CATALOGING SOURCE |
| Original cataloging agency |
BPMET |
| Language of cataloging |
spa |
| Transcribing agency |
BPMET |
| 092 ## - LOCALLY ASSIGNED DEWEY CALL NUMBER (OCLC) |
| Classification number |
372.832 |
| Item number |
R177a |
| 100 1# - MAIN ENTRY--PERSONAL NAME |
| Personal name |
Ramírez Báez, Ramón O. |
| 245 10 - TITLE STATEMENT |
| Title |
Aprendamos a vivir juntos : |
| Remainder of title |
estudios sociales / |
| Statement of responsibility, etc. |
Ramón O. Ramírez Báez y Héctor Rodríguez. |
| 260 ## - PUBLICATION, DISTRIBUTION, ETC. (IMPRINT) |
| Place of publication, distribution, etc. |
Santo Domingo : |
| Name of publisher, distributor, etc. |
Susaeta, Ediciones Dominicanas |
| Date of publication, distribution, etc. |
[19??]. |
| 300 ## - PHYSICAL DESCRIPTION |
| Extent |
88 p. : |
| Other physical details |
il. ; |
| Dimensions |
25 cm. |
| 500 ## - GENERAL NOTE |
| General note |
Primer curso de primaria |
| 505 ## - FORMATTED CONTENTS NOTE |
| Miscellaneous information |
v. 1 : |
| Title |
El hogar y la familia -- |
| -- |
El hogar en que vivimos -- |
| -- |
La escuela -- |
| -- |
La vida en el campo y la vida en la ciudad -- |
| -- |
Necesidades del hombre de nuestra comunidad -- |
| -- |
Recursos de la comunidad -- |
| -- |
El trabajo en la comunidad -- |
| -- |
Vía de comunicación y medio de transporte -- |
| -- |
Comportamiento en las vías públicas -- |
| -- |
La República Dominicana, nuestra patria -- |
| 650 #4 - SUBJECT ADDED ENTRY--TOPICAL TERM |
| Topical term or geographic name as entry element |
CIUDADANIA |
| 650 #4 - SUBJECT ADDED ENTRY--TOPICAL TERM |
| Topical term or geographic name as entry element |
EDUCACIÓN CÍVICA |
| 650 #4 - SUBJECT ADDED ENTRY--TOPICAL TERM |
| Topical term or geographic name as entry element |
CIENCIAS SOCIALES |
| 700 1# - ADDED ENTRY--PERSONAL NAME |
| Personal name |
Rodríguez, Héctor. |
| 942 ## - ADDED ENTRY ELEMENTS (KOHA) |
| Source of classification or shelving scheme |
Dewey Decimal Classification |
| Koha item type |
Libros |
| 956 ## - LOCAL ELECTRONIC LOCATION AND ACCESS (OCLC) |
| Host name |
VMATEO |
| Access number |
10 |
| Compression information |
20150728 |
| Logon |
BPMSU |
| Processor of request |
0069 |